The noble scholar, jurist, historian


 His Excellency Dr. Abdul Wahhab bin Ibrahim Abu Sulaiman, may Allah have mercy on him.


 He was born in Umm Al-Qura in the year 1356 AH.

الفضل المبين على عقد الجوهر الثمين، وهو، شرح الأربعين العلجونية / (Record no. 966)

MARC details
000 -LEADER
fixed length control field 01552cam a2200289 i 4500
003 - CONTROL NUMBER IDENTIFIER
control field SA-RiAUC
005 - DATE AND TIME OF LATEST TRANSACTION
control field 20241007070207.0
008 - FIXED-LENGTH DATA ELEMENTS--GENERAL INFORMATION
fixed length control field 241006s1983 le g 00000 ara c
040 ## - CATALOGING SOURCE
Original cataloging agency SA-RiAUC
Language of cataloging ara
Transcribing agency SA-RiAUC
Description conventions rda
082 04 - DEWEY DECIMAL CLASSIFICATION NUMBER
Classification number 237.7
090 ## - LOCALLY ASSIGNED LC-TYPE CALL NUMBER (OCLC); LOCAL CALL NUMBER (RLIN)
Classification number (OCLC) (R) ; Classification number, CALL (RLIN) (NR) 237.7
Local cutter number (OCLC) ; Book number/undivided call number, CALL (RLIN) ج م ا
100 1# - MAIN ENTRY--PERSONAL NAME
Personal name جمال الدين القاسمي، جمال الدين بن محمد سعيد بن قاسم،
Dates associated with a name 1283-1332 هجري
Relator term مؤلف.
245 12 - TITLE STATEMENT
Title الفضل المبين على عقد الجوهر الثمين، وهو، شرح الأربعين العلجونية /
Statement of responsibility, etc. جمال الدين القاسمي ؛ تقديم وتحقيق عاصم بهجة البيطار.
246 33 - VARYING FORM OF TITLE
Title proper/short title شرح الأربعين العلجونية
264 #1 - PRODUCTION, PUBLICATION, DISTRIBUTION, MANUFACTURE, AND COPYRIGHT NOTICE
Place of production, publication, distribution, manufacture بيروت :
Name of producer, publisher, distributor, manufacturer دار النفائس،
Date of production, publication, distribution, manufacture, or copyright notice 1983
300 ## - PHYSICAL DESCRIPTION
Extent 527 صفحة ؛
Dimensions 24 سم
336 ## - CONTENT TYPE
Content type term نص
Content type code txt
Source rdacontent
Materials specified كتاب
337 ## - MEDIA TYPE
Media type term بدون وسيط
Media type code n
Source rdamedia
338 ## - CARRIER TYPE
Carrier type term مجلد
Carrier type code nc
Source rdacarrier
650 #7 - SUBJECT ADDED ENTRY--TOPICAL TERM
Topical term or geographic name entry element الحديث
General subdivision الأربعون حديثا
Source of heading or term aucsh
650 #7 - SUBJECT ADDED ENTRY--TOPICAL TERM
Topical term or geographic name entry element الحديث
General subdivision جوامع الفنون
Source of heading or term aucsh
700 1# - ADDED ENTRY--PERSONAL NAME
Personal name البيطار، عاصم بهجة،
Dates associated with a name توفي 2005
Relator term مقدم.
700 12 - ADDED ENTRY--PERSONAL NAME
Personal name العجلوني، إسماعيل بن محمد بن عبد الهادي،
Dates associated with a name 1087-1162 هجري.
Title of a work عقد الجوهر الثمين في أربعين حديثا من أحاديث سيد المرسلين.
740 02 - ADDED ENTRY--UNCONTROLLED RELATED/ANALYTICAL TITLE
Uncontrolled related/analytical title عقد الجوهر الثمين في أربعين حديثا من أحاديث سيد المرسلين.
942 ## - ADDED ENTRY ELEMENTS (KOHA)
Source of classification or shelving scheme Dewey Decimal Classification
Koha item type Books
Suppress in OPAC No
949 ## - LOCAL PROCESSING INFORMATION (OCLC)
a SA-JeALM
d 241006
u mohamedma123
n 1
Holdings
Withdrawn status Lost status Source of classification or shelving scheme Damaged status Not for loan Home library Current library Date acquired Total checkouts Full call number Barcode Date last seen Price effective from Koha item type
    Dewey Decimal Classification     DR AbdElwahab Library DR AbdElwahab Library 10/07/2024   237.7 ج م ا 000001463 10/07/2024 10/07/2024 Books
    Dewey Decimal Classification     DR AbdElwahab Library DR AbdElwahab Library 05/09/2025   237.7 ج م ا 000012841 05/09/2025 05/09/2025 Books